Central Library OPAC University of Rajshahi

নীতিশাস্ত্রবার্তা / (Record no. 48985)

MARC details
000 -LEADER
fixed length control field 00873nam a2200241 a 4500
001 - CONTROL NUMBER
control field 48985
003 - CONTROL NUMBER IDENTIFIER
rucl marc code BD-RjUL
005 - DATE AND TIME OF LATEST TRANSACTION
control field 20211209054622.0
008 - FIXED-LENGTH DATA ELEMENTS--GENERAL INFORMATION
fixed length control field 160817s1965 bg ||||| |||| 00| p ben d
020 ## - INTERNATIONAL STANDARD BOOK NUMBER
Terms of availability : Tk. 2.00
035 ## - SYSTEM CONTROL NUMBER
System control number (BD-RjUL) 49104
040 ## - CATALOGING SOURCE
Original cataloging agency BD-RjUL
Language of cataloging ben
Transcribing agency BD-RjUL
041 ## - LANGUAGE CODE
Language code of text/sound track or separate title ben
082 ## - DEWEY DECIMAL CLASSIFICATION NUMBER
Edition number 23
Classification number 891.441
Author mark and year MUN 1965
100 1# - MAIN ENTRY--PERSONAL NAME
Personal name মুজাম্মিল
9 (RLIN) 120886
245 10 - TITLE STATEMENT
Title নীতিশাস্ত্রবার্তা /
Statement of responsibility, etc. মুজাম্মিল ; আহমদ শরীফ সম্পাদিত
260 ## - PUBLICATION, DISTRIBUTION, ETC. (IMPRINT)
Place of publication, distribution, etc. ঢাকা :
Name of publisher, distributor, etc. বাঙলা একাডেমী,
Date of publication, distribution, etc. ১৯৬৫
300 ## - PHYSICAL DESCRIPTION
Pagination ৬৭ পৃ. ;
Size ২১ সেমি.
650 ## - SUBJECT ADDED ENTRY--TOPICAL TERM
Topical term or geographic name as entry element বাংলা কবিতা
9 (RLIN) 147473
Topical term or geographic name as entry element Bengali Poetry
9 (RLIN) 147474
700 ## - ADDED ENTRY--PERSONAL NAME
Personal name শরীফ, আহমদ, সম্পাদিত
942 ## - ADDED ENTRY ELEMENTS (KOHA)
Source of classification or shelving scheme Dewey Decimal Classification
Koha item type Books
Holdings
Lost status Source of classification or shelving scheme Damaged status Not for loan Collection code Permanent Location Current Location Shelving location Date acquired Source of acquisition Cost, normal purchase price Total Checkouts Full call number Date last seen Copy number Koha item type
  Dewey Decimal Classification     Non-fiction Central Library, University of Rajshahi Central Library, University of Rajshahi   12/06/1990 Shawkat Osman, Dhaka 2.00   B 891.441 MUN 1965 17/08/2016 C-2 Books
  Dewey Decimal Classification     Non-fiction Central Library, University of Rajshahi Central Library, University of Rajshahi   16/05/1970 Nawrage, Dhaka 2.00   B 891.441 MUN 1965 17/08/2016 C-3 Books
  Dewey Decimal Classification     Non-fiction Central Library, University of Rajshahi Central Library, University of Rajshahi   16/05/1970 Nawrage, Dhaka 2.00   B 891.441 MUN 1965 17/08/2016 C-4 Books
  Dewey Decimal Classification     Non-fiction Central Library, University of Rajshahi Central Library, University of Rajshahi   12/12/1966   2.00   B 891.441 MUN 1965 12/09/2021 C-5 Books
  Dewey Decimal Classification     Non-fiction Central Library, University of Rajshahi Central Library, University of Rajshahi   12/12/1966   2.00   B 891.441 MUN 1965 12/09/2021 C-6 Books
  Dewey Decimal Classification   Not For Loan Non-fiction Central Library, University of Rajshahi Central Library, University of Rajshahi Reading Room 12/12/1966   2.00   B 891.441 MUN 1965 12/09/2021 C-1 Books
  Dewey Decimal Classification     Non-fiction Central Library, University of Rajshahi Central Library, University of Rajshahi General Stacks 10/11/2025       B 891.441 MUN 1965 10/11/2025 C-7 Books